Galatians: (Record no. 5791)

000 -LEADER
fixed length control field 00566nam a2200181 a 4500
001 - CONTROL NUMBER
control field :::00003533$&:&@@
003 - CONTROL NUMBER IDENTIFIER
control field OkBaRHE
005 - DATE AND TIME OF LATEST TRANSACTION
control field 20000607103307.0
008 - FIXED-LENGTH DATA ELEMENTS--GENERAL INFORMATION
fixed length control field s1985 j 000 0 eng u
040 ## - CATALOGING SOURCE
Transcribing agency
100 1# - MAIN ENTRY--PERSONAL NAME
Personal name Hufton, Rick.
245 10 - TITLE STATEMENT
Title Galatians:
Remainder of title the gospel of freedom.
260 ## - PUBLICATION, DISTRIBUTION, ETC. (IMPRINT)
Place of publication, distribution, etc Maryland Heights, MO., :
Name of publisher, distributor, etc Grace World Outreach Center
Date of publication, distribution, etc c1985
300 ## - PHYSICAL DESCRIPTION
Extent 140 p. ;
Dimensions 22 cm.
650 ## - SUBJECT ADDED ENTRY--TOPICAL TERM
Topical term or geographic name as entry element Bible New Testament Galatians
942 ## - ADDED ENTRY ELEMENTS (KOHA)
Source of classification or shelving scheme
Koha item type Books
Copies
Source of classification or shelving scheme Shelving location Permanent Location Lost status Price effective from Barcode Date last seen Date acquired Withdrawn status Not for loan Copy number Full call number Koha item type Damaged status
 General StacksRHEMA Bible Training College 2010-04-1435332018-04-032010-04-14  1BS 2685 .H8Books